Off-ramps and on-ramps : keeping talented women on the road to success
Sparad:
| Huvudupphovsman: | |
|---|---|
| Materialtyp: | Sách |
| Språk: | Undetermined |
| Publicerad: |
Harvard Business School Press
2007
|
| Ämnen: | |
| Taggar: |
Lägg till en tagg
Inga taggar, Lägg till första taggen!
|
| Thư viện lưu trữ: | Trung tâm Thư viện - Trường Đại học Công nghiệp TP. Hồ Chí Minh |
|---|
| LEADER | 00584nam a2200157Ia 4500 | ||
|---|---|---|---|
| 001 | UIH_03845 | ||
| 008 | 231011s9999 xx 000 0 und d | ||
| 082 | |a 658.3 | ||
| 100 | |a Hewlett, Sylvia Ann | ||
| 245 | 0 | |a Off-ramps and on-ramps : keeping talented women on the road to success | |
| 245 | 0 | |c Hewlett, Sylvia Ann | |
| 260 | |b Harvard Business School Press | ||
| 260 | |c 2007 | ||
| 650 | |a Quản trị nhân sự; Phụ nữ trong nghề nghiệp; | ||
| 927 | |a Sách | ||
| 980 | |a Trung tâm Thư viện - Trường Đại học Công nghiệp TP. Hồ Chí Minh | ||